Μελέτη της εισβολιμότητας των ξενικών φυτικών ειδών και της δεκτικότητας των φυτοκοινοτήτων της Λέσβου : πτυχιακή εργασία

Αποθηκεύτηκε σε:
Λεπτομέρειες βιβλιογραφικής εγγραφής
Κύριος συγγραφέας: Κεφάλας, Ευστράτιος
Συγγραφή απο Οργανισμό/Αρχή: Πανεπιστήμιο Αιγαίου Σχολή Περιβάλλοντος Πρόγραμμα Σπουδών Επιλογής Περιβαλλοντική Χαρτογραφία
Άλλοι συγγραφείς: Τρούμπης, Ανδρέας (Εισηγητής διατριβής)
Μορφή: Thesis Βιβλίο
Γλώσσα:Greek
Δημοσίευση: Μυτιλήνη : Πανεπιστήμιο Αιγαίου, Πρόγραμμα Σπουδών Επιλογής Περιβαλλοντική Χαρτογραφία, 2004
Θέματα:
Ετικέτες: Προσθήκη ετικέτας
Δεν υπάρχουν, Καταχωρήστε ετικέτα πρώτοι!

MARC

LEADER 00000cam a2200000 i 4500
001 1/88730
008 051109s2004 gre d
035 |l 10081152 
040 |a GR-MY-UA  |b gre  |e aacr 
041 0 |a gre 
082 0 |a 577  |2 (22) 
100 1 |a Κεφάλας, Ευστράτιος. 
245 1 0 |a Μελέτη της εισβολιμότητας των ξενικών φυτικών ειδών και της δεκτικότητας των φυτοκοινοτήτων της Λέσβου :  |b πτυχιακή εργασία /  |c Κεφάλας Ευστράτιος ; υπεύθυνος καθηγητής Ανδρέας Ι. Τρούμπης 
260 |a Μυτιλήνη :   |b Πανεπιστήμιο Αιγαίου, Πρόγραμμα Σπουδών Επιλογής Περιβαλλοντική Χαρτογραφία,   |c 2004 
300 |a 52 σ.;  |b πιν., χάρτες;  |c 30 εκ. 
500 |a Υπάρχει ψηφιακό αντίγραφο. 
502 # # |a Πτυχιακή εργασία – Πανεπιστήμιο Αιγαίου, Λέσβος, 2004. 
504 |a Βιβλιογραφία: 51-52 
650 0 0 |a Biological invasions  |z Greece  |z Lesbos Island. 
650 0 0 |a Biological diversity  |x Research. 
650 0 0 |a Plant diversity  |x Research. 
650 0 0 |a Dissertations, Academic  |z Greece. 
700 1 |a Τρούμπης, Ανδρέας.  |4 ths 
710 2 |a Πανεπιστήμιο Αιγαίου  |b Σχολή Περιβάλλοντος  |b Πρόγραμμα Σπουδών Επιλογής Περιβαλλοντική Χαρτογραφία. 
852 |a INST  |b LESVOS  |c DIATR  |e 20051109  |h 67  |p 005100033332  |q 005100033332  |t DIE  |y 23 
852 |a INST  |b LESVOS  |c DIATR  |e 20051109  |h 68  |p 005100033331  |q 005100033331  |t DIE  |y 23 
901 |a BIBL1-2005-3 
909 |a Λ  |b 115626 
909 |a Λ  |b 115627 
924 |a ΚΕΦΑΛΑΣ  |b ΕΥΣΤΡΑΤΙΟΣ  |y ΛΕΣΒΟΣ  |z 2005-01 
970 |a ΜΑΡΙΝΑΤΟΥ  |b ΜΥΡΣΙΝΗ  |z 2005/11/09